Los derechos del niño en el sistema interamericano /

Guardado en:
Autor Principal: Beloff, Mary
Formato: Libro
Idioma:Spanish
Publicado: Ciudad Autónoma de Buenos Aires : Editores del Puerto, 2004.
Edición:1a. ed.
Materias:
Etiquetas: Agregar Etiqueta
Sin Etiquetas, Sea el primero en etiquetar este registro!
LEADER 00747nam a22002055a 4500
001 DER.der001384
008 180615s2004####ag#||||||||||||||#||spa||
005 20250218094908.0
245 1 0 |a Los derechos del niño en el sistema interamericano /  |c Mary Beloff 
250 |a 1a. ed. 
260 |a Ciudad Autónoma de Buenos Aires :  |b Editores del Puerto,  |c 2004. 
300 |a 204 p. 
020 |a 9879120655 
100 1 |a Beloff, Mary 
650 7 |a DERECHOS DEL NIÑO 
859 |a DERECHO  |b BIB. DERECHO  |h 346.015  |i BEL  |p 003457 
859 |a DERECHO  |b BIB. DERECHO  |h 346.015  |i BEL  |p 003458  |t 1 
859 |a DERECHO  |b BIB. DERECHO  |h 346.015  |i BEL  |p 003459  |t 2 
859 |a DERECHO  |b BIB. DERECHO  |h 346.015  |i BEL  |p 005285  |t 3 
859 |a DERECHO  |b BIB. DERECHO  |h 346.015  |i BEL  |p 005286  |t 4